Quizzes
Events
Quiz Creation
Community
Videos
Private Events
Remove Ads
Sign In
Join for FREE
Feedback
Dark Mode
Quiz Categories
Sports
Geography
Music
Movies
Television
Just For Fun
Miscellaneous
History
Literature
Language
Science
Gaming
Entertainment
Religion
Holiday
For Kids
Quiz Lab
Recent
Popular Today
Quiz Kudos Today
Editor Picks
Curator Picks
Quizzes by...
Day
Popularity
Type
Ratings
Length
Year
Community
Subscriptions
Recent Discussions
Orange Saloon
Badges
Playlists
Quests
Create
Leaderboards
Showdown
Live 5
Trivia Bingo
Activity
Puzzle Library
Sporcle Events
Private Events
Virtual Trivia
Globe League
Become a Host
Pub Owners
SporcleCon
Opinionation
Our Games
Videos
Blog
Mobile Apps
Partnerships
Remove Ads and Go Orange
Feedback
Music
Pop Music
The Beatles
Song
Album
Lyrics
Bands
Singers
Artist
Clip
Rock
Rap
Classical
Billboard
Country Music
Kpop
Taylor Swift
Music
Pop Music
The Beatles
Song
Album
Lyrics
Bands
Singers
Artist
Clip
Rock
Rap
Classical
Billboard
Country Music
Kpop
Taylor Swift
Random Quiz
Search Sporcle
×
Quiz Lab
Quiz Lab
Music
Song
Type in answers that appear in a list
Type in answers that appear in a list
Classic
Best Score? Go Orange.
Lady Gaga Tweets Stats
Can you name the Lady Gaga Tweets?
By
magicalkidd
10m
15 Questions
149 Plays
149 Plays
149 Plays
Comments
Comments
Give Quiz Kudos
Give Quiz Kudos
-
- Ratings
hide this ad
More Info
Replay
Link that replays current quiz
Next Quiz
Link to next quiz in quiz playlist
You Got
0%
They Got
Avg Score
71%
Avg Friend Score
Upgrade to see
Score Distribution
Jump to the score distribution portion of the page
Score
0/15
Timer
10:00
0
Plays Today
Tweet
Song Referenced
% Correct
@mybaby you gotta stop txtng me cuz im kinda busy :P
Telephone
96%
we r the crowd + we r comin out...gonna follow u til u luv me
Paparazzi
87.2%
walk walk fashion baby work it move that #bit craaazy
Bad Romance
86.6%
any1 seen my keys? can't find my fone....o wait i'm holding it lol
Just Dance
85.9%
i kno that we r young and i kno that u may luv me but i just can't b w/
u lk this anymore
Alejandro
85.2%
I'm beautiful in my way cuz #Godmakesnomistakes i'm on the rite track baby
Born This Way
85.2%
do u want luv or fame? idc....@cupid let's play
Love Game
82.6%
i've never seen 1 lk u be4.....don't call me gaga!
Monster
75.2%
Tweet
Song Referenced
% Correct
i'll never luv again @boy....luv those @jamesdean eyes tho
Speechless
69.1%
party @ my house!!!!! not gonna lie, only gonna stun wit my luv
Poker Face
69.1%
don't b scared i've done this b4....smile wide
Teeth
68.5%
happy in the club wit these lavanda gurls 2nite
So Happy I Could Die
59.7%
we had a good time @boy...that's kinda it. wish u well xoxoxo
Eh Eh (Nothing Else I Can Say)
50.3%
@sumluv can we get lost? then u can drive me home!
Summerboy
46.3%
u got me wondering y cuz i'm locked in my room...
I Like it Rough
32.9%
Quiz Playlist
Details
Report
Send in Message
Add To Playlist
More Info:
Can you name the songs referenced in these fictional (or legitimate) tweets from Lady Gaga?
Classic:
Type in answers that appear in a list
Last Updated: Feb 16, 2017
Quiz Scoreboard
CHALLENGE
Sign Up to Join the Scoreboard
Show All
Scores
Hide
Comments
May contain spoilers
Recently Published
Movies - When Are They Set?
by FPL_Elf
Movies
5m
Popular People in 1961
by mucciniale
History
6m
1-10 Letter E Words III
by El_Dandy
Language
2m
More to Explore
Quiz From the Vault
Featured Blog Post
Where Did the Easter Bunny Come From?
hide this ad
You Might Also Like...
Tags
Song Quiz
Lady
Lady Gaga
Referenced
Today's Top Quizzes in Music
Browse Music
hide this ad
Today's Top Quizzes in Song
Browse Song
Top Contributed Quizzes in Music
1
Taylor Swift All Songs (2024)
2
2010s Album by Cover III
3
One Thing in Common: Music
4
Guess the Artist- 70s Songs
5
Taylor Swift Logic Puzzle
6
Guess the Taylor Swift song (Mystery Song)
7
2010s Album by Cover IV
8
2010s Album by Cover V
9
KPOP LOGIC QUIZ
10
2010s Album by Cover VI
Explore More
Trending Topics
NBA
Disney
Marvel
Kpop
Harry Potter
Anime
Crossword
Country
Soccer
Song
Puzzle
NFL
WWE
Pokémon
The Office
hide this ad
More By:
magicalkidd
Quiz
Plays
Rating
Category
Featured
Created
Michael Jackson Opening Lyrics
3,261
4.73
Music
Jan 15, 2011
EastEnders - 30 Years of Cliffhangers
1,755
5.00
Television
Mar 28, 2018
All-Time Billboard 200
1,713
3.94
Music
Nov 12, 2015
Beyoncé Live!
1,647
5.00
Music
Sep 15, 2013
Madonna Live!
1,515
5.00
Music
Jan 24, 2013
Go to Creator's Profile
Score Distribution
Quiz Creator Spotlight
magicalkidd
Follow
Send a Message
Quizzes Created
-
Created Quiz Play Count
-
More By This Creator
Popular Quizzes Today
1
Find the Countries of Europe - No Outlines Minefield
2
Find the US States - No Outlines Minefield
3
The Countries of the World
4
Popular People in 1961
5
US States
6
1-10 Letter E Words III
7
Find the US States
8
One Thing in Common: World Cities II
More Music Quizzes
Caricatures of Pop & Rock Singers by Don Howard
Curator's Pick
Trending Quizzes
Risky Map Clicking: Least Populous States A-Z
1-10 Letter F Words
Humor Books: The Subtitles
1-10 Letter G Words
One Thing in Common: United Kingdom
Recently Updated
Leaping Animals
pecheneg
Reality TV Shows (A-Z)
bhenderson79
Rickey Henderson's Hall of Fame Teammates
pecheneg
Champions League XIs: Arsenal
pecheneg
Quick Pick: Celebrities in WWE's Hall of Fame
aduchscher
A-Z Keypad Blitz II
pecheneg
Multiple Oscar Actors
pecheneg
Mystery Phrase Blitz: Oscar 'Best Actors'
pecheneg
F. Scott Fitzgerald Novels
LTH
Pick 3 Villains
ddd62291
Trending Topics
Marvel
Anime
Crossword
Harry Potter
NBA
Kpop
Disney
Country
NFL
Soccer
Puzzle
The Office
Pokémon
WWE
Song
Your Account Isn't Verified!
In order to create a playlist on Sporcle, you need to verify the email address you used during registration. Go to your
Sporcle Settings
to finish the process.
Report this User
Report this user for behavior that violates our
Community Guidelines
.
Details:
Send Report
Go to the Sporcle.com Mobile Site →
Comments